000 01247nam a2200289 i 4500
001 102352
003 ES-MaACL
005 20251002163222.0
007 t|
008 051108m19111932sp |||| | spa d
100 1 _aMenéndez y Pelayo, Marcelino,
_d1856-1912
_980332
245 1 0 _aHistoria de los heterodoxos españoles /
_cpor el Doctor Don Marcelino Menéndez y Pelayo.
250 _a2ª ed. refundida.
260 _aMadrid :
_bLibrería General de Victoriano Suárez,
_c1911-1932.
300 _a7 v. ;
_c26 cm.
490 1 _aObras completas del Excmo. Señor Marcelino Menéndez Pelayo ;
_v1, 7-8, 16-19
594 _aVol. 2-3: ed. ordenada y anotada por Adolfo Bonilla y San Martín; a partir del v. 4: ed. ordenada y dirigida por Miguel Artigas.
650 4 _aHerejías-
_zEspaña-
_vHistoria.
_9153684
650 4 _aProtestantes-
_zEspaña.
_9169548
651 4 _aEspaña-
_xReligión-
_vHistoria.
_9153685
700 1 _aBonilla y San Martín, Adolfo,
_d1875-1926
_930193
700 1 _aArtigas Ferrando, Miguel,
_d1887-1947
_923471
830 0 0 _aObras completas de M. Menéndez y Pelayo
_v1, 7-8, 16-19
_9221933
852 _aES-MaACL
_jB-495-97
_z- V. 1-3
852 _aES-MaACL
_jC-22879-85
999 _c102352
_d102352